000 00409nab a2200145Ia 4500
003 ES-SlBCS
005 20210601131732.0
008 140529s1954 xxu||||| |||| 00| 0 fre d
041 _afre
100 1 _aLuzy, Georges
_9188323
245 0 0 _aLendemain de réformes en Tunisie
_c Georges Luzy
651 4 _aTúnez
_9170629
773 0 _tVie Intelectuelle (La)
_gnº. 4, 1954, págs. 98-101
_wRev907
942 _cAR
999 _c567900
_d567900